000 00628nam a22001817a 4500
005 20251108174635.0
008 250721s2008 xx 000 0 ara d
082 1 4 _a621.43/شمر
100 1 _aالشمري، محمد عبد الرضا
_eمؤلف
245 1 0 _aمحركات السيارات : الإحتراق الداخلي /
264 1 _aعمان :
_bدار صفاء للنشر و التوزيع،
_c2008.
300 _a512 ص.
650 1 7 _aمحركات الاحتراق الداخلي
650 1 7 _aالاحتراق الداخلي
653 _aمحركات السيارات
942 _2ddc
_cBK
999 _c114246
_d114246